<?xml version="1.0" encoding="UTF-8"?>
<record
    xmlns:xsi="http://www.w3.org/2001/XMLSchema-instance"
    xsi:schemaLocation="http://www.loc.gov/MARC21/slim http://www.loc.gov/standards/marcxml/schema/MARC21slim.xsd"
    xmlns="http://www.loc.gov/MARC21/slim">

  <leader>01881nam a22003137a 4500</leader>
  <controlfield tag="005">20090319110220.0</controlfield>
  <controlfield tag="008">090212t        xxu||||| |||| 00| 0 eng d</controlfield>
  <datafield tag="010" ind1=" " ind2=" ">
    <subfield code="a">TEL-5048</subfield>
  </datafield>
  <datafield tag="020" ind1=" " ind2=" ">
    <subfield code="c">50.00</subfield>
    <subfield code="a">8182940397</subfield>
  </datafield>
  <datafield tag="035" ind1=" " ind2=" ">
    <subfield code="a">TL-4054</subfield>
  </datafield>
  <datafield tag="037" ind1=" " ind2=" ">
    <subfield code="b">DBAD / PUB</subfield>
  </datafield>
  <datafield tag="040" ind1=" " ind2=" ">
    <subfield code="a">dpl</subfield>
    <subfield code="b">Telugu</subfield>
  </datafield>
  <datafield tag="082" ind1=" " ind2=" ">
    <subfield code="a">923.25479</subfield>
  </datafield>
  <datafield tag="100" ind1=" " ind2=" ">
    <subfield code="a">&#xC32;&#xC15;&#xC4D;&#xC37;&#xC4D;&#xC2E;&#xC40;&#xC2A;&#xC4D;&#xC30;&#xC38;&#xC3E;&#xC26;&#xC4D;, &#xC2F;&#xC3E;&#xC30;&#xC4D;&#xC32;&#xC17;&#xC21;&#xC4D;&#xC21;</subfield>
  </datafield>
  <datafield tag="245" ind1=" " ind2=" ">
    <subfield code="a">&#xC05;&#xC1F;&#xC4D;&#xC1F;&#xC21;&#xC41;&#xC17;&#xC41; &#xC28;&#xC41;&#xC02;&#xC1A;&#xC3F; &#xC05;&#xC17;&#xC4D;&#xC30;&#xC38;&#xC4D;&#xC25;&#xC3E;&#xC28;&#xC02; &#xC35;&#xC30;&#xC15;&#xC41;...</subfield>
    <subfield code="c">/ &#xC2F;&#xC3E;&#xC30;&#xC4D;&#xC32;&#xC17;&#xC21;&#xC4D;&#xC21; &#xC32;&#xC15;&#xC4D;&#xC37;&#xC4D;&#xC2E;&#xC40;&#xC2A;&#xC4D;&#xC30;&#xC38;&#xC3E;&#xC26;&#xC4D;</subfield>
    <subfield code="b">:&#xC38;&#xC41;&#xC36;&#xC40;&#xC32;&#xC4D; &#xC15;&#xC41;&#xC2E;&#xC3E;&#xC30;&#xC4D; &#xC37;&#xC3F;&#xC02;&#xC21;&#xC47; &#xC1C;&#xC40;&#xC35;&#xC3F;&#xC24;&#xC02;</subfield>
  </datafield>
  <datafield tag="246" ind1=" " ind2=" ">
    <subfield code="a">Attadugu nunchi agrasthanam varaku: Susheel Kumar Shinde jeevitham</subfield>
    <subfield code="b">Yarlagadda Lakshmi Prasad</subfield>
  </datafield>
  <datafield tag="260" ind1=" " ind2=" ">
    <subfield code="a">&#xC35;&#xC3F;&#xC1C;&#xC2F;&#xC35;&#xC3E;&#xC21;</subfield>
    <subfield code="b">&#xC05;&#xC32;&#xC15;&#xC28;&#xC02;&#xC26; &#xC2A;&#xC4D;&#xC30;&#xC1A;&#xC41;&#xC30;&#xC23;&#xC32;&#xC41;</subfield>
    <subfield code="c">2008</subfield>
  </datafield>
  <datafield tag="270" ind1=" " ind2=" ">
    <subfield code="a">59-6-15, &#xC15;&#xC02;&#xC1A;&#xC41;&#xC15;&#xC4B;&#xC1F; &#xC35;&#xC40;&#xC27;&#xC3F;, &#xC2E;&#xC47;&#xC30;&#xC3F;&#xC38;&#xC4D; &#xC38;&#xC4D;&#xC1F;&#xC46;&#xC32;&#xC4D;&#xC32;&#xC3E; &#xC15;&#xC3E;&#xC32;&#xC47;&#xC1C;&#xC3F; &#xC0E;&#xC26;&#xC41;&#xC30;&#xC41;&#xC17;&#xC3E;,</subfield>
    <subfield code="b">&#xC35;&#xC3F;&#xC1C;&#xC2F;&#xC35;&#xC3E;&#xC21;</subfield>
    <subfield code="e">520 008</subfield>
  </datafield>
  <datafield tag="300" ind1=" " ind2=" ">
    <subfield code="a">65&#xC2A;&#xC47;.</subfield>
    <subfield code="c">23 &#xC38;&#xC46;.&#xC2E;&#xC40;.</subfield>
  </datafield>
  <datafield tag="520" ind1=" " ind2=" ">
    <subfield code="a">Biography of Su&#x15B;&#x12B;l kum&#x101;r &#x15A;hinde</subfield>
    <subfield code="b">1941, politician from Maharashtra, India</subfield>
  </datafield>
  <datafield tag="600" ind1=" " ind2=" ">
    <subfield code="a">&#xC37;&#xC3F;&#xC02;&#xC21;&#xC47;, &#xC38;&#xC41;&#xC36;&#xC40;&#xC32;&#xC4D; &#xC15;&#xC41;&#xC2E;&#xC3E;&#xC30;&#xC4D;, 1941-</subfield>
  </datafield>
  <datafield tag="600" ind1=" " ind2=" ">
    <subfield code="a">Shinde, Susil Kumar, 1941-</subfield>
  </datafield>
  <datafield tag="650" ind1=" " ind2=" ">
    <subfield code="a">&#xC30;&#xC3E;&#xC1C;&#xC15;&#xC40;&#xC2F; &#xC35;&#xC47;&#xC24;&#xC4D;&#xC24;&#xC32;&#xC41;</subfield>
    <subfield code="v">&#xC1C;&#xC40;&#xC35;&#xC3F;&#xC24; &#xC1A;&#xC30;&#xC3F;&#xC24;&#xC4D;&#xC30;</subfield>
    <subfield code="z">&#xC2D;&#xC3E;&#xC30;&#xC24;&#xC26;&#xC47;&#xC36;&#xC02;</subfield>
    <subfield code="z">&#xC2E;&#xC39;&#xC3E;&#xC30;&#xC3E;&#xC37;&#xC4D;&#xC1F;&#xC4D;&#xC30;     </subfield>
  </datafield>
  <datafield tag="650" ind1=" " ind2=" ">
    <subfield code="a">Politicians</subfield>
    <subfield code="v">Biography</subfield>
    <subfield code="z">India</subfield>
    <subfield code="z">Maharashtra </subfield>
  </datafield>
  <datafield tag="651" ind1=" " ind2=" ">
    <subfield code="a">&#xC2E;&#xC39;&#xC3E;&#xC30;&#xC3E;&#xC37;&#xC4D;&#xC1F;&#xC4D;&#xC30; (&#xC2D;&#xC3E;&#xC30;&#xC24;&#xC26;&#xC47;&#xC36;&#xC02;)</subfield>
    <subfield code="v">&#xC1C;&#xC40;&#xC35;&#xC3F;&#xC24; &#xC1A;&#xC30;&#xC3F;&#xC24;&#xC4D;&#xC30;</subfield>
  </datafield>
  <datafield tag="651" ind1=" " ind2=" ">
    <subfield code="a">Maharashtra (India)</subfield>
    <subfield code="v">Biography</subfield>
  </datafield>
  <datafield tag="942" ind1=" " ind2=" ">
    <subfield code="2">ddc</subfield>
    <subfield code="c">TL</subfield>
    <subfield code="h">923.25479</subfield>
    <subfield code="m">/ LAX</subfield>
  </datafield>
  <datafield tag="999" ind1=" " ind2=" ">
    <subfield code="c">25408</subfield>
    <subfield code="d">25408</subfield>
  </datafield>
  <datafield tag="952" ind1=" " ind2=" ">
    <subfield code="0">0</subfield>
    <subfield code="1">0</subfield>
    <subfield code="2">ddc</subfield>
    <subfield code="4">0</subfield>
    <subfield code="7">0</subfield>
    <subfield code="8">NFIC</subfield>
    <subfield code="a">DBAD</subfield>
    <subfield code="b">DBAD</subfield>
    <subfield code="d">2009-03-19</subfield>
    <subfield code="g">50.00</subfield>
    <subfield code="l">0</subfield>
    <subfield code="o">923.25479 / LAX</subfield>
    <subfield code="p">TL-4054</subfield>
    <subfield code="r">2009-03-19 00:00:00</subfield>
    <subfield code="v">50.00</subfield>
    <subfield code="w">2009-03-19</subfield>
    <subfield code="y">TL</subfield>
  </datafield>
</record>
